00805nam a2200181Ia 4500999001500000020001800015082002000033245012700053260005200180300001500232650004000247650005900287650004500346700003600391710006400427942001200491952012000503 c8980d8980 a9789291691418 aRR 551.609bCLI 0aClimate change 2014b: Impacts, adaptation and vulnerability summaries, frequently asked questions and cross-chapter boxes aGenevabWorld Meteorological Organizationc2014 axiii, 190p aClimatic changesvGovernment policy aGlobal environmental changevInternational cooperation aHuman ecologyvGreenhouse gas mitigation aChristopher B. Field...[et al.] aIntergovernmental Panel on Climate Change. Working Group II cRB2ddc 00104071aNASSDOCbNASSDOCd2017-06-27i2017-05-26l0oRR 551.609 CLIp49270r2019-04-18 00:00:00w2019-04-18yRB